000 00580nam a22001817a 4500
005 20251108170923.0
008 250721s1984 xx 000 0 ara d
082 1 4 _aط/790.1922/روف
100 1 _aروفيري، لويجي
245 1 0 _aوسائط النقل :
_bكتاب للتلوين /
264 1 _aبغداد :
_bوزارة الثقافة والإعلام - دار ثقافة الأطفال،
_c1984.
300 _a30ص
490 0 _aسلسلة الهوايات ، 21
650 1 7 _aالأطفال
650 1 7 _aالترفيه
942 _2ddc
_cBK
999 _c52145
_d52145